000 00632nam a2200181Ia 4500
003 GCL
008 140319s9999 xx 000 0 ara d
040 _aGCL /
_cGCL
082 0 4 _aق
_b810.8
_bا ص
100 1 _aاحمد لطفى السيد
245 1 0 _aصفحات مطوبة: من تاريخ الحركة الاستقلالية فى مصر من مارس 1907 الى مارس 1909 /
_cاحمد لطفى السيد
300 _a280 ص
490 _aكتاب
_v0
650 0 4 _aدستور 1923
650 0 4 _aالادب السياسى
650 0 4 _aمصر - تاريخ - العصر الحديث (1805 - 1956 )
942 _2ddc
_cBK
999 _c42567
_d42567